00625 2200205 4500001002100000005001500021035002000036245006600056100001900122250002000141300003200161856001800193260006800211082001600279084002200295020002200317650003700339650002600376990001700402INLIS00000000000005820250710115828 a0010-07250000581 aLegenda Pahlawan Vietnam :bTrung Bersaudara /cVu Thi Kim Ha0 aHa, Vu Thi Kim aCetakan Pertama a12 hlm. :bilus. ;c22,9 cm aTBM As Suhada aJakarta Timur :bBadan Pengembangan dan Pembinaan Bahasa,c2024 a398.209 597 a398.209 597 HA, l a978-623-307-525-8 4aCerita Anak Indonesia-Terjemahan 4aLiterasi-Bahan Bacaan aTBM202500044